000 00583nam a2200193Ia 4500
001 14028
003 GE_BSU
008 181216s||||||||xx |||||||||||||| ||und||
040 _cGE_BSU
080 _a665.7.23
245 _aПравила технической эксплуатации нефтебаз.
245 _cОтветст. за выпуск З.А.Попова.
260 _aМ.
260 _bНедра.
260 _c1976.
300 _a112 стр. 20 см.
653 _aПравила технической эксплуатации нефтебаз.
942 _cBK
999 _c47170
_d47170